000 00364nam a22001457a 4500
020 _a0-13-062437-3
082 _a820
_bKIN/P
100 _aPEARSON
245 _aPERCENTILE HALL LITERATURE
_bGOLD LEVEL
250 _aFLORIDA STUDENT EDITION
260 _aNEW JERSEY
_bPEARSON PERCENTILE HALL
_c2003
300 _a1077
650 _aENCYCLOPEDIA
_zINDIA
942 _cBK
999 _c1781
_d1781